00495 2200181 4500001002100000005001500021008004100036020001800077035001900095041000700114082000800121090001400129100002400143245002700167260006100194300003600255650002200291INLIS00000000000853520241224113651241224||||||||| | ||| |||| || |  a979-8804-09-0 0010-1224008535 aid0 a612 a612 LUC m0 aEvie Azhfizar Lucia00aMengenal Tubuh Manusia aJakartabPT. Lazuardi Putra Pertiwi (Grup Grafiti)c2007 a23x17,5 cm, x, 160 hlm.; ilus.: 0aIlmu-ilmu terapan